00269nam a2200109Ia 4500100002300000654002300023245004000046260003900086082001400125300000800139546001200147 aFinkel/ Rapheal A  aAdvanced Computer aAdvanced Programming lang Design bAddison Wesley PubaNew yorkc1995 a5.13bFIN a480 aENGLISH